Statistics for Top 5 Songs On 2 (Mac DeMarco)

Click here to take the quiz!

General Stats

  • This quiz has been taken 13 times
  • The average score is 3 of 5

Answer Stats

HintAnswer% Correct
441,072,670My Kind Of Woman
100%
36,925,850Cooking Up Something Good
54%
84,343,365Ode To Viceroy
54%
30,728,270Dreaming
38%
220,143,166Freaking Out The Neighbourhood
38%

Score Distribution

Percentile by Number Answered

Percent of People with Each Score

Your Score History

You have not taken this quiz